Statistics for Famous Forests

Click here to take the quiz!

General Stats

  • This quiz has been taken 24 times
  • The average score is 3 of 10

Answer Stats

ClueAnswer% Correct
Vast tropical rainforest in South America, largely contemporaneous with the basin of the river sharing its nameAmazon Rainforest
100%
A forest in southwestern Germany after which a cake is namedBlack Forest
90%
Where Robin Hood and his Merry Men were said to have dweltSherwood Forest
48%
The primary setting of Winnie-the-PoohHundred Acre Wood
29%
Most prominent part of the Wet Tropics of Queensland World Heritage Site in AustraliaDaintree Rainforest
24%
German forest famous for being the site of a major Roman military defeatTeutoburg Forest
14%
Located in Poland, known for the abrupt, uniform and unexplained curvature of its treesCrooked Forest
10%
Karst formations in Yunnan Province in China, made of rock but considered to resemble treesStone Forest
10%
Located in Japan, known as "the Suicide Forest"Aokigahara
5%
In Shakespeare's "Macbeth", the wood that came to Dunsinane Hill, resulting in the defeat of MacbethBirnam Wood
5%

Score Distribution

Percentile by Number Answered

Percent of People with Each Score

Your Score History

You have not taken this quiz